Budova NBS potulky Košicami

Bibliographic Details
Main Author: Kolcun, Milan, 1969- (Author)
Format: Article
Language:Slovak
PhysicalDescription:Fotogr.
ISSN:1335-4566
Subjects:
Online Access:www.korzar.sk

MARC

LEADER 00000nab a2200000 a 4500
001 vtls008964149
003 SK-MaSNL
005 20260303070806.0
008 070416c20070413xo drz 0 0slo
038 |a KEVKJB 
040 |a KEVKJB  |b slo  |c KEVKJB  |e AACR2 
041 0 |a slo 
044 |a xo  |c SK 
080 |a 725.24  |2 2001 
100 1 |a Kolcun, Milan,  |d 1969-   |4 aut  |9 105317 
245 1 0 |a Budova NBS  |b potulky Košicami  |c Milan Kolcun 
300 |b Fotogr. 
610 2 7 |a Národná banka Slovenska.  |b Expozitúra Košice  |2 kevkjb  |9 125349 
650 0 7 |a budovy bánk  |2 kevkjb  |9 206034 
651 7 |a Košice (Slovensko)  |2 kevkjb  |9 18694 
773 0 |t Košický denník Korzár  |g Roč. X, č. 85 (13.4.2007)  |x 1335-4566 
773 0 8 |i Príl.  |t Pohoda  |g S. 38 
852 |a KEVKJB  |b KIS3GCP 
856 4 1 |u www.korzar.sk 
999 |c 1756958  |d 1758888